| 000 | 00719 a2200253 4500 | ||
|---|---|---|---|
| 003 | CBULib | ||
| 005 | 20260130095642.0 | ||
| 008 | 260130b |||||||| |||| 00| 0 eng d | ||
| 020 | _a9781529731989 | ||
| 040 |
_bEnglish _cCBULib _erda |
||
| 041 | _aeng | ||
| 050 | _aHF 5415.13 Tut | ||
| 100 | _aTuten, Tracy L. | ||
| 245 |
_aSocial media marketing _c/ by Tracy L. Tuten |
||
| 250 | _aFourth edition. | ||
| 260 |
_bSAGE, _c2021 _aLondon : |
||
| 300 | _axiii, 466 pages : illustrations | ||
| 336 |
_2rdacontent _aText | _btxt |
||
| 337 |
_2rdamedia _aUnmediated | _bn |
||
| 338 |
_2rdacarrier _aVolume _bnc |
||
| 650 | 0 |
_95291 _aSOCIAL MEDIA MARKETING |
|
| 650 | 0 |
_9583 _aINTERNET MARKETING |
|
| 942 |
_2lcc _c002 |
||
| 999 |
_c86624 _d86624 |
||